000 00377nam a2200157Ia 4500
008 221030s9999 xx 000 0 und d
020 _a8121920175
041 _aEnglish
082 _a105.23
_bGup
100 _aB. R. Gupta
245 0 _aNetwork Systems & Analysis
_cby B. R. Gupta
260 _bS.Chand & Co.
_aNew Delhi
_c2001
300 _a596
650 _aEE
942 _cBK
999 _c2852
_d2852